| 000 | 00890nam a22002897a 4500 | ||
|---|---|---|---|
| 001 | BR3900009 | ||
| 003 | BR-BrBNA | ||
| 005 | 20230928082903.0 | ||
| 007 | ta | ||
| 008 | 230509b bl.||||| |||| 00| 0 por d | ||
| 040 |
_aBR-BrBNA _bpor _cBiblioteca Nacional de Agricultura |
||
| 041 | _a(Por) | ||
| 072 |
_aF00 _b0320 |
||
| 090 | _ 0320 BR3900009 | ||
| 100 | 1 | _aDuque, J.G. | |
| 100 | 1 | _aGuerra, P. de B. | |
| 110 | 1 |
_aInspetoria Federal de Obras Contra as Secas, Rio de Janeiro, GB (Brasil) _95604 |
|
| 245 | 1 | _aObservacoes para a cultura da oiticica | |
| 260 | 3 |
_aRio de Janeiro, RJ (Brasil): _c1939. |
|
| 300 | _a100 p. | ||
| 500 | _aReprinted of "Boletim do 1. trimestre de 1939, da Inspetoria Federal de Obras Contra as Secas | ||
| 650 | _aOITICICA | ||
| 650 | _aPLANTA OLEAGINOSA | ||
| 650 | _aPRATICA CULTURAL | ||
| 909 |
_a202309 _bLucia _c55 _dLucia Elande |
||
| 942 | _cBK | ||
| 999 |
_c10451 _d10451 |
||